[Event "Oberliga Ost-A 2122"]
[Site "Germany"]
[Date "2021.10.10"]
[Round "1.3"]
[White "Schultz, Andreas"]
[Black "Nguyen, Alex Dac Vuong"]
[Result "0-1"]
[WhiteElo "2182"]
[BlackElo "2305"]
[PlyCount "90"]
[EventDate "2021.10.10"]
[EventType "team-tourn"]
[EventRounds "11"]
[EventCountry "GER"]
[SourceTitle "EXT 2023"]
[Source "ChessBase"]
[SourceDate "2022.10.05"]
[SourceVersion "1"]
[SourceVersionDate "2022.10.05"]
[SourceQuality "1"]
[WhiteTeam "Leipzig SG II"]
[BlackTeam "Leipzig SG"]
[WhiteTeamCountry "GER"]
[BlackTeamCountry "GER"]

1. d4 Nf6 2. c4 e6 3. Nc3 Bb4 4. e3 0-0 5. Bd3 c5 6. Nf3 d5 7. 0-0 cxd4 8. exd4 dxc4 9. Bxc4 b6 10. a3 Bxc3 11. bxc3 Bb7 12. Bd3 Be4 13. Bg5 Bxd3 14. Qxd3 Nbd7 15. Rfd1 h6 16. Bh4 Qc7 17. Bg3 Qc6 18. c4 Rac8 19. Rac1 Qa4 20. Bd6 Rfd8 21. Qc2 Qxc2 22. Rxc2 Rc6 23. Be7 Re8 24. Bxf6 Nxf6 25. Ne5 Rd6 26. f3 Red8 27. Rcd2 Nd7 28. Nxd7 R8xd7 29. Kf2 Rc6 30. Rc1 e5 31. Ke3 exd4+ 32. Rxd4 Re6+ 33. Re4 Red6 34. Rc3 Rd2 35. g4 Rxh2 36. Re8+ Kh7 37. c5 bxc5 38. Rc8 Rdd2 39. R8xc5 Rhe2+ 40. Kf4 g5+ 41. Kf5 Re6 42. Re5 Ra6 43. Re7 Kg7 44. Ree3 Rf6+ 45. Ke4 Re6+ 0-1

[Event "Oberliga Ost-A 1920"]
[Site "Germany"]
[Date "2019.11.17"]
[Round "3.5"]
[White "Schultz, Andreas"]
[Black "Wichmann, Cliff"]
[Result "0-1"]
[WhiteElo "2189"]
[BlackElo "2293"]
[PlyCount "100"]
[EventDate "2019.09.29"]
[EventType "team-tourn"]
[EventRounds "11"]
[EventCountry "GER"]
[SourceTitle "EXT 2021"]
[Source "ChessBase"]
[SourceDate "2020.10.23"]
[SourceVersion "1"]
[SourceVersionDate "2020.10.23"]
[SourceQuality "1"]
[WhiteTeam "Leipzig SG II"]
[BlackTeam "Aue Nickelhuette II"]
[WhiteTeamCountry "GER"]
[BlackTeamCountry "GER"]

1. d4 d5 2. c4 e6 3. Nc3 Nf6 4. cxd5 exd5 5. Bg5 c6 6. e3 Qb6 7. Qc2 Ne4 8. Bh4 Na6 9. a3 Qa5 10. Bxa6 Nxc3 11. bxc3 Qxa6 12. Ne2 Bd6 13. 0-0 0-0 14. Bg3 Be7 15. f3 c5 16. Nf4 Rd8 17. e4 Be6 18. Rfe1 cxd4 19. exd5 Bc5 20. Qb3 dxc3+ 21. Kh1 Bf5 22. Qxc3 Rac8 23. Qe5 Bd7 24. Red1 Ba4 25. Rdc1 Bf8 26. Rxc8 Rxc8 27. Qf5 Qc4 28. Nh3 g6 29. Qe4 Bd7 30. Nf2 f5 31. Qxc4 Rxc4 32. Be5 Rc5 33. Bd4 Rxd5 34. Bxa7 Ra5 35. Bb6 Rxa3 36. Rxa3 Bxa3 37. Nd3 Kf7 38. Kg1 Bb5 39. Nc5 Bc6 40. Kf2 Ke7 41. Nd3 Bb5 42. Ke3 Kd6 43. g4 fxg4 44. fxg4 Bxd3 45. Kxd3 Bc5 46. Bd8 Kd5 47. Bf6 Bd6 48. h3 b5 49. Bc3 b4 50. Bd2 b3 0-1

[Event "Bayern-chI Bank Hofmann 23rd"]
[Site "Tegernsee"]
[Date "2019.10.30"]
[Round "5"]
[White "Schultz, Andreas"]
[Black "Nasuta, Grzegorz"]
[Result "0-1"]
[WhiteElo "2176"]
[BlackElo "2534"]
[PlyCount "44"]
[EventDate "2019.10.26"]
[EventType "swiss"]
[EventRounds "9"]
[EventCountry "GER"]
[SourceTitle "CBM 192 Extra"]
[Source "Chessbase"]
[SourceDate "2019.11.06"]
[SourceVersion "1"]
[SourceVersionDate "2019.11.06"]
[SourceQuality "1"]

1. d4 Nf6 2. c4 g6 3. Nc3 d5 4. Bg5 Ne4 5. Bh4 g5 6. Nxe4 dxe4 7. Bxg5 Bg7 8. Qd2 Qxd4 9. Rd1 Nc6 10. b3 Be6 11. Qxd4 Bxd4 12. Bd2 0-0-0 13. e3 Bc5 14. Ne2 Bg4 15. Rc1 Ba3 16. Rb1 Nb4 17. f3 Nc2+ 18. Kf2 Rxd2 19. fxg4 Bc5 20. Kg3 Nxe3 21. Nf4 Rg8 22. h3 Bd6 0-1

[Event "Oberliga Ost-A 1819"]
[Site "Germany"]
[Date "2019.02.03"]
[Round "7.4"]
[White "Schultz, Andreas"]
[Black "Andre, Gordon"]
[Result "1/2-1/2"]
[WhiteElo "2183"]
[BlackElo "2308"]
[PlyCount "129"]
[EventDate "2018.10.21"]
[EventType "team-tourn"]
[EventRounds "11"]
[EventCountry "GER"]
[SourceTitle "EXT 2020"]
[Source "ChessBase"]
[SourceDate "2019.10.17"]
[SourceVersion "1"]
[SourceVersionDate "2019.10.17"]
[SourceQuality "1"]
[WhiteTeam "Leipzig SG II"]
[BlackTeam "Magdeburg Aufbau Elbe"]
[WhiteTeamCountry "GER"]
[BlackTeamCountry "GER"]

1. d4 d5 2. c4 e6 3. Nc3 Be7 4. cxd5 exd5 5. Bf4 Nf6 6. e3 Bf5 7. Bd3 Bxd3 8. Qxd3 c6 9. Nge2 Nbd7 10. 0-0 0-0 11. Ng3 Re8 12. f3 c5 13. Nb5 Rf8 14. Nf5 c4 15. Qd2 Ne8 16. e4 Nb6 17. Rfe1 a6 18. Nc3 Bb4 19. a3 Ba5 20. Qf2 Qd7 21. Qg3 Rd8 22. Bd6 g6 23. Nh6+ Kg7 24. Bxf8+ Kxf8 25. Red1 Bxc3 26. bxc3 Na4 27. Rdc1 Nf6 28. e5 Nh5 29. Qg5 Qe7 30. Qxe7+ Kxe7 31. g3 Ng7 32. Rc2 Ne6 33. Rb1 Rb8 34. Ng4 Nc7 35. Ne3 Ke6 36. f4 Nb5 37. Rbc1 h5 38. Kf2 Rc8 39. h3 Rc6 40. g4 hxg4 41. hxg4 Nc7 42. Rb1 b6 43. Rh1 b5 44. Rh7 Ke7 45. f5 gxf5 46. gxf5 Kf8 47. Rh8+ Ke7 48. Ng4 a5 49. Rb8 Rb6 50. Rxb6 Nxb6 51. Ne3 Kd7 52. Nd1 Nc8 53. Ke3 Ne7 54. Rf2 Nc6 55. Rb2 b4 56. axb4 axb4 57. Rh2 Nb5 58. Rh7 bxc3 59. e6+ Ke8 60. Nxc3 Nxc3 61. Rxf7 Ne4 62. Rc7 Nb4 63. Rb7 Nc6 64. Rc7 Nb4 65. Rb7 1/2-1/2

[Event "WchT Seniors 50"]
[Site "Dresden"]
[Date "2018.07.15"]
[Round "9.8"]
[White "Karlsson, Ulf"]
[Black "Schultz, Andreas"]
[Result "1/2-1/2"]
[WhiteElo "1918"]
[BlackElo "2211"]
[PlyCount "122"]
[EventDate "2018.07.07"]
[EventType "team-swiss"]
[EventRounds "9"]
[EventCountry "GER"]
[SourceTitle "CBM 185 Extra"]
[Source "ChessBase"]
[SourceDate "2018.07.29"]
[SourceVersion "1"]
[SourceVersionDate "2018.07.29"]
[SourceQuality "1"]
[WhiteTeam "Sweden South"]
[BlackTeam "Leipzig Schachfreunde"]
[WhiteTeamCountry "SWE"]
[BlackTeamCountry "GER"]

1. e4 e6 2. d4 d5 3. Nd2 c5 4. Ngf3 cxd4 5. exd5 Qxd5 6. Bc4 Qd6 7. 0-0 Nf6 8. Nb3 Nc6 9. Nbxd4 Nxd4 10. Nxd4 a6 11. c3 Qc7 12. Bd3 Bd6 13. h3 h6 14. Qf3 Bh2+ 15. Kh1 Be5 16. Qe2 0-0 17. Re1 Bxd4 18. cxd4 Bd7 19. Qe5 Qxe5 20. dxe5 Nd5 21. Be4 Bc6 22. Bxd5 Bxd5 23. Bd2 Rfc8 24. a3 Rc2 25. Bc3 Rxf2 26. Rg1 Rd8 27. Kh2 Bc4 28. Rad1 Rd5 29. Kg3 Rc2 30. Rc1 Rd3+ 31. Kh2 Rf2 32. Rcd1 Rxd1 33. Rxd1 Bd5 34. Rd2 Rf1 35. Kg3 f5 36. exf6 gxf6 37. Rf2 Rxf2 38. Kxf2 Kf7 39. g3 Bb3 40. Ke3 Kg6 41. Bb4 h5 42. h4 Kf7 43. Ba5 Ke7 44. Bb4+ Kd7 45. Bc3 e5 46. Ba5 Ke7 47. Bb6 Bd1 48. Ba5 Kd6 49. Bd8 f5 50. Kd2 Bg4 51. Ke3 Kd5 52. Bc7 e4 53. Bd8 Kc4 54. Bf6 Bd1 55. Be5 b6 56. Bc7 Kc5 57. Be5 a5 58. Bf6 b5 59. Bd8 a4 60. Bf6 Kc4 61. Be5 b4 1/2-1/2

[Event "Oberliga Ost-A 1718"]
[Site "Germany"]
[Date "2018.02.04"]
[Round "7.6"]
[White "Rosko, Lubos"]
[Black "Schultz, Andreas"]
[Result "1-0"]
[WhiteElo "2316"]
[BlackElo "2215"]
[PlyCount "75"]
[EventDate "2017.10.22"]
[EventType "team-tourn"]
[EventRounds "11"]
[EventCountry "GER"]
[SourceTitle "EXT 2019"]
[Source "ChessBase"]
[SourceDate "2018.10.10"]
[SourceVersion "1"]
[SourceVersionDate "2018.10.10"]
[SourceQuality "1"]
[WhiteTeam "Aue Nickelhuette II"]
[BlackTeam "Leipzig SG"]
[WhiteTeamCountry "GER"]
[BlackTeamCountry "GER"]

1. d4 d5 2. Nf3 Nf6 3. Bg5 e6 4. e3 Be7 5. Bd3 Nbd7 6. Nbd2 0-0 7. Qe2 c5 8. c3 b6 9. 0-0 Bb7 10. Bf4 Ne4 11. Ne5 Nxe5 12. Bxe5 f6 13. Bf4 f5 14. Nf3 g5 15. Be5 Qe8 16. Ne1 h5 17. a4 a5 18. Bb5 Qg6 19. Bc7 Bd8 20. Bxd8 Rfxd8 21. Nd3 c4 22. Ne5 Qh7 23. f3 Nd6 24. Qf2 Rac8 25. Qg3 Qg7 26. h4 g4 27. Kh2 Rc7 28. Qf4 Qf6 29. fxg4 Qxh4+ 30. Kg1 hxg4 31. g3 Qe7 32. Kg2 Ne4 33. Rh1 Qg5 34. Rh6 Qxf4 35. exf4 Rh7 36. Rah1 Rxh6 37. Rxh6 Rd6 38. Bd7 1-0

[Event "Oberliga Ost-A 1718"]
[Site "Germany"]
[Date "2018.02.03"]
[Round "6.6"]
[White "Schultz, Andreas"]
[Black "Hoerr, Matthias"]
[Result "1-0"]
[WhiteElo "2215"]
[BlackElo "2196"]
[PlyCount "45"]
[EventDate "2017.10.22"]
[EventType "team-tourn"]
[EventRounds "11"]
[EventCountry "GER"]
[SourceTitle "EXT 2019"]
[Source "ChessBase"]
[SourceDate "2018.10.10"]
[SourceVersion "1"]
[SourceVersionDate "2018.10.10"]
[SourceQuality "1"]
[WhiteTeam "Leipzig SG"]
[BlackTeam "Plauen Koenig"]
[WhiteTeamCountry "GER"]
[BlackTeamCountry "GER"]

1. d4 Nf6 2. c4 e6 3. Nc3 Bb4 4. e3 d5 5. cxd5 exd5 6. Bd3 0-0 7. Nge2 Re8 8. Bd2 Nbd7 9. Rc1 c6 10. 0-0 Nb6 11. f3 c5 12. a3 cxd4 13. Nxd4 Bd6 14. Ncb5 Bb8 15. Qe2 Be6 16. Ba5 Re7 17. b3 a6 18. Nc3 Qd6 19. g3 Rc7 20. Qd2 Bd7 21. Nce2 Ba7 22. Bb4 Qe5 23. f4 1-0

[Event "GER CupT 1718 prel2"]
[Site "Oranienburg"]
[Date "2018.01.14"]
[Round "2.3"]
[White "Schultz, Andreas"]
[Black "Andre, Gordon"]
[Result "0-1"]
[WhiteElo "2228"]
[BlackElo "2289"]
[PlyCount "112"]
[EventDate "2018.01.13"]
[EventType "team-k.o."]
[EventRounds "2"]
[EventCountry "GER"]
[SourceTitle "EXT 2019"]
[Source "ChessBase"]
[SourceDate "2018.10.10"]
[SourceVersion "1"]
[SourceVersionDate "2018.10.10"]
[SourceQuality "1"]
[WhiteTeam "Leipzig SG"]
[BlackTeam "Magdeburg Aufbau Elbe"]
[WhiteTeamCountry "GER"]
[BlackTeamCountry "GER"]

1. d4 d5 2. c4 e6 3. Nc3 Nf6 4. cxd5 exd5 5. Bg5 c6 6. e3 Be7 7. Qc2 Na6 8. a3 Nc7 9. Bd3 Ne6 10. Bh4 g6 11. Nge2 0-0 12. 0-0 b6 13. b4 a5 14. Qb3 Bb7 15. Rfb1 b5 16. bxa5 Rxa5 17. Bxf6 Bxf6 18. a4 c5 19. Bxb5 cxd4 20. exd4 Nxd4 21. Nxd4 Bxd4 22. Ra2 Bxc3 23. Qxc3 d4 24. Qg3 Qd5 25. Rd2 Rd8 26. Rbd1 Raa8 27. h3 Rac8 28. Rxd4 Qxd4 29. Rxd4 Rxd4 30. Qe3 Rdd8 31. Kh2 Bc6 32. Qe7 Re8 33. Qb4 Bxb5 34. Qxb5 Rb8 35. Qd7 Red8 36. Qc7 Rbc8 37. Qb7 Ra8 38. Qb6 Rd5 39. Qe3 Rda5 40. Qd4 Rxa4 41. Qf6 Re4 42. Qb2 Rae8 43. Kg3 Re2 44. Qb5 R8e5 45. Qb8+ Kg7 46. Kf3 Re6 47. Kg3 Rf6 48. Qa7 Rexf2 49. Qxf2 Rxf2 50. Kxf2 Kf6 51. g3 Kg5 52. Kf3 h5 53. Ke4 f5+ 54. Kf3 h4 55. g4 fxg4+ 56. hxg4 h3 0-1

[Event "Oberliga Ost-A 1718"]
[Site "Germany"]
[Date "2017.11.11"]
[Round "2.4"]
[White "Schultz, Andreas"]
[Black "Hovsepyan, Vardan"]
[Result "0-1"]
[WhiteElo "2215"]
[BlackElo "2218"]
[PlyCount "58"]
[EventDate "2017.10.22"]
[EventType "team-tourn"]
[EventRounds "11"]
[EventCountry "GER"]
[SourceTitle "EXT 2019"]
[Source "ChessBase"]
[SourceDate "2018.10.10"]
[SourceVersion "1"]
[SourceVersionDate "2018.10.10"]
[SourceQuality "1"]
[WhiteTeam "Leipzig SG"]
[BlackTeam "Hoyerswerda"]
[WhiteTeamCountry "GER"]
[BlackTeamCountry "GER"]

1. d4 Nf6 2. c4 g6 3. Nc3 c5 4. d5 d6 5. e4 Bg7 6. Bd3 0-0 7. Nge2 e5 8. 0-0 Ng4 9. h3 Nh6 10. f4 f5 11. Rb1 exf4 12. Bxf4 g5 13. Bd2 Nd7 14. Ng3 f4 15. Nh5 Bd4+ 16. Kh2 Ne5 17. Be2 a6 18. Qc1 Qd7 19. Bxf4 Neg4+ 20. Kh1 gxf4 21. Rxf4 Rxf4 22. Qxf4 Nf2+ 23. Kh2 Qe7 24. Qxh6 Bd7 25. g4 Nxe4 26. Bd3 Nf2 27. Bc2 Rf8 28. Rf1 Nxg4+ 29. hxg4 Rxf1 0-1

[Event "Bayern-chI Bank Hofmann 21st"]
[Site "Tegernsee"]
[Date "2017.11.05"]
[Round "9"]
[White "Chu, Wei Chao"]
[Black "Schultz, Andreas"]
[Result "1-0"]
[WhiteElo "2340"]
[BlackElo "2215"]
[PlyCount "49"]
[EventDate "2017.10.28"]
[EventType "swiss"]
[EventRounds "9"]
[EventCountry "GER"]
[SourceTitle "CBM 181 Extra"]
[Source "ChessBase"]
[SourceDate "2017.12.12"]
[SourceVersion "1"]
[SourceVersionDate "2017.12.12"]
[SourceQuality "1"]

1. d4 Nf6 2. Bf4 g6 3. Nc3 Bg7 4. e4 d6 5. Qd2 0-0 6. 0-0-0 c6 7. Bh6 b5 8. f3 b4 9. Nce2 Qa5 10. Kb1 c5 11. dxc5 dxc5 12. Bxg7 Kxg7 13. e5 Nd5 14. Qxd5 Be6 15. Qxa8 Qxa2+ 16. Kc1 Qa1+ 17. Kd2 Rd8+ 18. Nd4 Qxb2 19. Bd3 Qc3+ 20. Ke2 Qxd4 21. Qe4 Qc3 22. Kf2 Bf5 23. Ne2 Bxe4 24. Nxc3 Bxd3 25. Ne4 1-0

[Event "Bayern-chI Bank Hofmann 21st"]
[Site "Tegernsee"]
[Date "2017.11.03"]
[Round "7"]
[White "Morawietz, Dieter"]
[Black "Schultz, Andreas"]
[Result "1-0"]
[WhiteElo "2420"]
[BlackElo "2215"]
[PlyCount "75"]
[EventDate "2017.10.28"]
[EventType "swiss"]
[EventRounds "9"]
[EventCountry "GER"]
[SourceTitle "CBM 181 Extra"]
[Source "ChessBase"]
[SourceDate "2017.12.12"]
[SourceVersion "1"]
[SourceVersionDate "2017.12.12"]
[SourceQuality "1"]

1. e4 e6 2. d4 d5 3. e5 c5 4. c3 Nc6 5. Nf3 Bd7 6. Be2 Nge7 7. 0-0 Ng6 8. g3 Be7 9. h4 cxd4 10. cxd4 0-0 11. Nbd2 f6 12. exf6 Bxf6 13. Nb3 Qe7 14. Be3 Rad8 15. Rc1 Bc8 16. Bd3 Qe8 17. Ng5 e5 18. Nxh7 e4 19. Nxf6+ Rxf6 20. Be2 Qf7 21. Bg5 Bh3 22. Bxf6 Qxf6 23. Qd2 Rf8 24. Qg5 Qxg5 25. hxg5 Bxf1 26. Kxf1 Rf5 27. Bg4 Rxg5 28. Bc8 Nb4 29. Rc7 Nd3 30. Rxb7 e3 31. fxe3 Rxg3 32. Ke2 Nxb2 33. Be6+ Kh7 34. Bxd5 Rh3 35. Nc5 Rh2+ 36. Ke1 Nh4 37. Rxa7 Kh6 38. Rf7 1-0

[Event "Oberliga Ost-A 1617"]
[Site "Germany"]
[Date "2016.12.04"]
[Round "4.8"]
[White "Kunze, Christopher"]
[Black "Schultz, Andreas"]
[Result "1/2-1/2"]
[WhiteElo "2085"]
[BlackElo "2238"]
[PlyCount "55"]
[EventDate "2016.10.16"]
[EventType "team-tourn"]
[EventRounds "11"]
[EventCountry "GER"]
[SourceTitle "EXT 2018"]
[Source "ChessBase"]
[SourceDate "2017.10.13"]
[SourceVersion "1"]
[SourceVersionDate "2017.10.13"]
[SourceQuality "1"]
[WhiteTeam "Dresden Gruen Weiss"]
[BlackTeam "Leipzig SG"]
[WhiteTeamCountry "GER"]
[BlackTeamCountry "GER"]

1. e4 e6 2. d3 d5 3. Nd2 c5 4. g3 Nc6 5. Bg2 Nf6 6. Ngf3 Bd6 7. 0-0 0-0 8. Re1 Qc7 9. Nf1 d4 10. a4 Nd7 11. N1d2 Rb8 12. Nc4 f6 13. Nxd6 Qxd6 14. Nd2 Qc7 15. Bh3 Nde5 16. f4 Nf7 17. Nc4 b6 18. Bd2 a6 19. e5 f5 20. Bg2 Bb7 21. Qe2 Rfd8 22. Reb1 Nb4 23. Bxb7 Rxb7 24. Be1 Kh8 25. h4 Nh6 26. Nd6 Ra7 27. c3 Nc6 28. b4 1/2-1/2

[Event "Bayern-chI Bank Hofmann 20th"]
[Site "Bad Wiessee"]
[Date "2016.11.06"]
[Round "9"]
[White "Prueske, Wolfgang"]
[Black "Schultz, Andreas"]
[Result "1/2-1/2"]
[WhiteElo "2093"]
[BlackElo "2238"]
[PlyCount "104"]
[EventDate "2016.10.29"]
[EventType "swiss"]
[EventRounds "9"]
[EventCountry "GER"]
[SourceTitle "EXT 2018"]
[Source "ChessBase"]
[SourceDate "2017.10.13"]
[SourceVersion "1"]
[SourceVersionDate "2017.10.13"]
[SourceQuality "1"]

1. e4 e6 2. d4 d5 3. Bd3 c5 4. exd5 exd5 5. dxc5 Bxc5 6. Nf3 Nf6 7. 0-0 0-0 8. Bg5 h6 9. Bh4 Nc6 10. Nbd2 Bg4 11. h3 Bh5 12. Nb3 Bb6 13. Re1 g5 14. Bg3 Re8 15. Rxe8+ Qxe8 16. Qd2 Ne4 17. Bxe4 dxe4 18. Nfd4 Rd8 19. c3 f5 20. Re1 Bf7 21. Qe2 Nxd4 22. Nxd4 Bxd4 23. cxd4 f4 24. Bh2 Rxd4 25. g3 f3 26. Qe3 Qd7 27. g4 Bg6 28. Be5 Rd1 29. Bc3 b6 30. Rxd1 Qxd1+ 31. Qe1 Qd3 32. Qd2 Bf7 33. Qxd3 exd3 34. b3 Kh7 35. Kf1 h5 36. Ke1 Be6 37. Kd2 hxg4 38. hxg4 Bxg4 39. Kxd3 Kg6 40. Be5 Kf5 41. Bb8 a6 42. Bc7 b5 43. Kd4 Bh3 44. Kc5 Ke4 45. Kb6 Bc8 46. a4 bxa4 47. bxa4 Kd5 48. a5 Kd4 49. Bd8 g4 50. Bc7 Kc3 51. Bd6 Kd2 52. Kc7 Bf5 1/2-1/2

[Event "BL2-Ost 1516"]
[Site "Germany"]
[Date "2016.01.31"]
[Round "8.8"]
[White "Schultz, Andreas"]
[Black "Hansch, Stephan"]
[Result "1/2-1/2"]
[WhiteElo "2260"]
[BlackElo "2142"]
[PlyCount "133"]
[EventDate "2015.09.20"]
[EventType "team-tourn"]
[EventRounds "9"]
[EventCountry "GER"]
[SourceTitle "CBM 171 Extra"]
[Source "ChessBase"]
[SourceDate "2016.04.26"]
[SourceVersion "1"]
[SourceVersionDate "2016.04.26"]
[SourceQuality "1"]
[WhiteTeam "Leipzig SG"]
[BlackTeam "Magdeburg"]
[WhiteTeamCountry "GER"]
[BlackTeamCountry "GER"]

1. d4 d5 2. c4 e6 3. Nc3 Nf6 4. cxd5 exd5 5. Bg5 Be7 6. e3 0-0 7. Bd3 Nbd7 8. Qc2 c6 9. Nge2 Re8 10. 0-0 Nf8 11. f3 h6 12. Bh4 c5 13. Rad1 c4 14. Bf5 Bxf5 15. Qxf5 Qd7 16. Qxd7 N8xd7 17. Rfe1 Bb4 18. a3 Ba5 19. Bf2 b5 20. Ng3 Nb6 21. Re2 Bxc3 22. bxc3 Na4 23. Be1 Re6 24. Bd2 Rae8 25. Rde1 a6 26. e4 Nb2 27. e5 Nd3 28. Rb1 g5 29. Kf1 Nd7 30. Nf5 Kh7 31. Ne3 Nb6 32. Ng4 Nd7 33. h4 f6 34. hxg5 hxg5 35. Nf2 Nxf2 36. Rxf2 Kg6 37. exf6 Rh8 38. Kg1 Nxf6 39. Re1 Rxe1+ 40. Bxe1 Re8 41. Kf1 Nh5 42. Re2 Rxe2 43. Kxe2 Nf4+ 44. Kf1 a5 45. Bd2 Ne6 46. Kf2 b4 47. cxb4 axb4 48. Bxb4 Nxd4 49. Ke3 Nc2+ 50. Kd2 Nd4 51. Bc3 Nb3+ 52. Ke3 g4 53. a4 gxf3 54. gxf3 Kf5 55. Bb2 Ke6 56. Bc3 Kf5 57. Bd4 Ke6 58. Bb2 Kf5 59. Bc3 Ke6 60. Bb4 Kf5 61. a5 d4+ 62. Ke2 c3 63. Kd3 c2 64. Kxc2 Nxa5 65. Bxa5 Kf4 66. Kd3 Kxf3 67. Kxd4 1/2-1/2

[Event "BL2-Ost 1516"]
[Site "Germany"]
[Date "2015.12.13"]
[Round "6.8"]
[White "Schultz, Andreas"]
[Black "Wetscherek, Andreas"]
[Result "1/2-1/2"]
[WhiteElo "2258"]
[BlackElo "2319"]
[PlyCount "97"]
[EventDate "2015.09.20"]
[EventType "team-tourn"]
[EventRounds "9"]
[EventCountry "GER"]
[SourceTitle "CBM 170 Extra"]
[Source "ChessBase"]
[SourceDate "2016.02.25"]
[SourceVersion "1"]
[SourceVersionDate "2016.02.25"]
[SourceQuality "1"]
[WhiteTeam "Leipzig SG"]
[BlackTeam "Bindlach"]
[WhiteTeamCountry "GER"]
[BlackTeamCountry "GER"]

1. d4 Nf6 2. c4 g6 3. Nc3 d5 4. Bg5 Ne4 5. Bh4 Nxc3 6. bxc3 dxc4 7. e3 Be6 8. Nf3 Bg7 9. Be2 0-0 10. 0-0 Nd7 11. Rb1 Nb6 12. a4 a5 13. Nd2 Qd7 14. Rb5 Bd5 15. Qa1 e5 16. Rc5 exd4 17. cxd4 Rfe8 18. Nxc4 Bxc4 19. Bxc4 Bf8 20. Bb3 Bxc5 21. dxc5 Nd5 22. Rd1 c6 23. Qd4 Qf5 24. Bxd5 Qxd5 25. Qxd5 cxd5 26. Bf6 Re4 27. Bd4 f5 28. Rb1 Re7 29. h4 Kf7 30. g3 Ra6 31. Kf1 h6 32. Ke2 g5 33. hxg5 hxg5 34. Rb5 Kg6 35. Kd3 Kh5 36. f3 Kg6 37. Bc3 Kf7 38. f4 Kg6 39. Be5 Rd7 40. Kd4 gxf4 41. gxf4 Kf7 42. Rb1 Rh6 43. Rg1 Ke6 44. Rg8 Rh2 45. Rg6+ Ke7 46. Rg7+ Ke6 47. Rg6+ Ke7 48. Rg7+ Ke6 49. Rg6+ 1/2-1/2

[Event "BL2-Ost 1516"]
[Site "Germany"]
[Date "2015.12.12"]
[Round "5.8"]
[White "Schnabel, Ralf"]
[Black "Schultz, Andreas"]
[Result "1/2-1/2"]
[WhiteElo "2266"]
[BlackElo "2258"]
[PlyCount "112"]
[EventDate "2015.09.20"]
[EventType "team-tourn"]
[EventRounds "9"]
[EventCountry "GER"]
[SourceTitle "CBM 170 Extra"]
[Source "ChessBase"]
[SourceDate "2016.02.25"]
[SourceVersion "1"]
[SourceVersionDate "2016.02.25"]
[SourceQuality "1"]
[WhiteTeam "Nickelhuette Aue"]
[BlackTeam "Leipzig SG"]
[WhiteTeamCountry "GER"]
[BlackTeamCountry "GER"]

1. e4 e6 2. d4 d5 3. Nd2 c5 4. exd5 Qxd5 5. Ngf3 cxd4 6. Bc4 Qd6 7. 0-0 Nf6 8. Nb3 Nc6 9. Nbxd4 Nxd4 10. Qxd4 Bd7 11. Qh4 Qc7 12. b3 Bd6 13. Bb2 0-0-0 14. Rfe1 Bc6 15. Ne5 Bd5 16. Bxd5 exd5 17. c4 Rhe8 18. cxd5 Bxe5 19. Bxe5 Rxe5 20. Rec1 Rexd5 21. Rxc7+ Kxc7 22. h3 R8d6 23. Re1 Kd8 24. Qg3 Ne8 25. Qh4+ Nf6 26. Qg3 Ne8 27. Qe3 Re6 28. Qc3 Rxe1+ 29. Qxe1 h5 30. g3 Nd6 31. Qe2 g6 32. Kg2 a6 33. f3 Kd7 34. g4 Kd8 35. Kg3 Kd7 36. Qe3 Kd8 37. b4 Kd7 38. Kh4 Kd8 39. Qb3 Rd4 40. Kg5 hxg4 41. fxg4 Ke7 42. a3 Re4 43. Qc3 Kd7 44. Qf3 Re6 45. Kh6 Ke7 46. Qd5 Kd7 47. Qd4 Ke7 48. Kh7 g5 49. Qc5 Rg6 50. Qd5 Kd7 51. a4 Ke7 52. Qc5 Kf8 53. Qe5 Ne8 54. Qc5+ Nd6 55. a5 Rg7+ 56. Kh6 Rg6+ 1/2-1/2

[Event "Leipzig VfB op 21st"]
[Site "Leipzig"]
[Date "2014.03.06"]
[Round "4"]
[White "Schultz, Andreas"]
[Black "Wichmann, Cliff"]
[Result "1/2-1/2"]
[WhiteElo "2254"]
[BlackElo "2368"]
[PlyCount "38"]
[EventDate "2014.03.04"]
[EventType "tourn"]
[EventRounds "9"]
[EventCountry "GER"]
[SourceTitle "CBM 159 Extra"]
[Source "ChessBase"]
[SourceDate "2014.04.24"]
[SourceVersion "1"]
[SourceVersionDate "2014.04.24"]
[SourceQuality "1"]

1. d4 e6 2. c4 Nf6 3. Nc3 Bb4 4. e3 0-0 5. Nge2 d5 6. a3 Bd6 7. Ng3 c5 8. dxc5 Bxc5 9. Be2 dxc4 10. 0-0 Qc7 11. Qa4 a6 12. Qxc4 b5 13. Qh4 Bb7 14. Bd2 Rd8 15. Rfd1 Nbd7 16. Rac1 Qb8 17. Nce4 Be7 18. Bb4 Bxb4 19. axb4 Nxe4 1/2-1/2

[Event "Leipzig VfB op 21st"]
[Site "Leipzig"]
[Date "2014.03.05"]
[Round "2"]
[White "Schultz, Andreas"]
[Black "Herfurth, Thomas"]
[Result "1-0"]
[WhiteElo "2254"]
[BlackElo "1928"]
[PlyCount "121"]
[EventDate "2014.03.04"]
[EventType "tourn"]
[EventRounds "9"]
[EventCountry "GER"]
[SourceTitle "CBM 159 Extra"]
[Source "ChessBase"]
[SourceDate "2014.04.24"]
[SourceVersion "1"]
[SourceVersionDate "2014.04.24"]
[SourceQuality "1"]

1. d4 d5 2. c4 c6 3. Nf3 Nf6 4. e3 Bf5 5. Nc3 e6 6. Nh4 Bg6 7. Qb3 Qb6 8. Nxg6 Qxb3 9. axb3 hxg6 10. g3 Nbd7 11. Bg2 Bd6 12. 0-0 0-0 13. e4 dxe4 14. Nxe4 Nxe4 15. Bxe4 Nf6 16. Bf3 Rfe8 17. Rd1 e5 18. Be3 a6 19. d5 c5 20. Bd2 e4 21. Bg2 Nd7 22. Re1 f5 23. f3 exf3 24. Bxf3 Kf7 25. Kg2 Ne5 26. Be2 Nd7 27. Bd3 Rxe1 28. Rxe1 Re8 29. Rf1 Ne5 30. Be2 Kf6 31. g4 Nf7 32. Rf2 Be5 33. Bd3 Nd6 34. h4 Bd4 35. Bg5+ Kf7 36. Rf3 Bxb2 37. gxf5 gxf5 38. Bxf5 Nxf5 39. Rxf5+ Kg6 40. Rf3 Bf6 41. Bxf6 gxf6 42. Kg3 f5 43. Rd3 Rd8 44. d6 b5 45. Kf4 bxc4 46. bxc4 Kf6 47. h5 a5 48. Rd5 Ke6 49. Re5+ Kf6 50. Rxf5+ Ke6 51. Re5+ Kf6 52. Rg5 a4 53. Rg6+ Kf7 54. Ke5 Rh8 55. Rf6+ Ke8 56. Kd5 a3 57. Rf3 Kd7 58. Rf7+ Kc8 59. Ra7 Rxh5+ 60. Kc6 Kb8 61. Rxa3 1-0

[Event "Oberliga Ost-A 1314"]
[Site "Germany"]
[Date "2013.12.15"]
[Round "5.7"]
[White "Kunze, Christopher"]
[Black "Schultz, Andreas"]
[Result "1/2-1/2"]
[WhiteElo "2056"]
[BlackElo "2264"]
[PlyCount "33"]
[EventDate "2013.10.13"]
[EventType "team-tourn"]
[EventRounds "11"]
[EventCountry "GER"]
[SourceTitle "EXT 2015"]
[Source "ChessBase"]
[SourceDate "2014.11.20"]
[SourceVersion "1"]
[SourceVersionDate "2014.11.20"]
[SourceQuality "1"]
[WhiteTeam "Dresden Gruen Weiss"]
[BlackTeam "Leipzig SG II"]
[WhiteTeamCountry "GER"]
[BlackTeamCountry "GER"]

1. e4 e6 2. d4 d5 3. Nd2 h6 4. c3 c5 5. exd5 exd5 6. Ngf3 Nc6 7. Be2 cxd4 8. Nxd4 Nxd4 9. cxd4 Nf6 10. 0-0 Be7 11. Nf3 0-0 12. Ne5 Qb6 13. Qd3 Ne4 14. Rd1 Bf5 15. Qf3 Qe6 16. Qb3 b6 17. Be3 1/2-1/2